00359nam a22001457a 4500003000500000005001700005008004100022020001800063040000600081082001700087100001900104245005200123260002900175300000900204CEME20210628203518.0210120b xxu||||| |||| 00| 0 eng d a1-85573-312-9 c. a620.1923 MEC aHodgkinson.J.M aMechanical testing of advanced fibre composites aENGLANDbCRC PRESSc2000 a362P